Instructor's manual to accompany creating compositions / (Record no. 117831)
[ view plain ]
| 000 -LEADER | |
|---|---|
| fixed length control field | 00457nam a2200157Ia 4500 |
| 008 - FIXED-LENGTH DATA ELEMENTS--GENERAL INFORMATION | |
| fixed length control field | 140529s9999 xx 000 0 und d |
| 050 ## - LIBRARY OF CONGRESS CALL NUMBER | |
| Classification number | PE 1408 |
| Item number | .W636 1977 |
| 100 ## - MAIN ENTRY--PERSONAL NAME | |
| Personal name | Wiener, Harvey S. |
| 245 ## - TITLE STATEMENT | |
| Title | Instructor's manual to accompany creating compositions / |
| Statement of responsibility, etc | Harvey S. Wiener |
| 250 ## - EDITION STATEMENT | |
| Edition statement | 2nd ed. |
| 260 ## - PUBLICATION, DISTRIBUTION, ETC. (IMPRINT) | |
| Place of publication, distribution, etc | New York [et al.] : |
| Name of publisher, distributor, etc | McGraw-Hill, Inc., |
| Date of publication, distribution, etc | c1977. |
| 300 ## - PHYSICAL DESCRIPTION | |
| Extent | 128 p. ; |
| Dimensions | 23 cm. |
| 521 ## - TARGET AUDIENCE NOTE | |
| Target audience note | |
| 942 ## - ADDED ENTRY ELEMENTS (KOHA) | |
| Call number prefix | Foreign |
| Koha item type | Books |
| Withdrawn status | Lost status | Source of classification or shelving scheme | Damaged status | Home library | Current library | Shelving location | Date acquired | Source of acquisition | Total Checkouts | Full call number | Barcode | Date last seen | Price effective from | Koha item type |
|---|---|---|---|---|---|---|---|---|---|---|---|---|---|---|
| Library of Congress Classification | Archives | Archives | 05/30/2014 | Donation | PE 1408 .W636 1977 | C0791 | 05/15/2018 | 05/30/2014 | Books |